| 000 | 00636nam a22002177a 4500 | ||
|---|---|---|---|
| 003 | OSt | ||
| 005 | 20140310182821.0 | ||
| 008 | 130304t xxu||||| |||| 00| 0 eng d | ||
| 020 | _a9781845283865 | ||
| 050 |
_aBF 441 _b.V217 2010 |
||
| 082 |
_aM 160 _bV217 2010 |
||
| 245 |
_aCritical Thinking for Students _bLearn the Skills of Analysing, Evaluating and Producing Arguments _cvan den Brink-Budgen, Roy |
||
| 250 | _a4th ed. | ||
| 260 |
_bHow To Books _c2010 _aUnited Kingdom |
||
| 300 |
_a118 pages _c24.6 cm. |
||
| 521 | _acollege students | ||
| 526 | _c1210L-1700L | ||
| 541 | _j1 | ||
| 562 | _e1 | ||
| 942 |
_2lcc _cBK _kM |
||
| 999 |
_c16406 _d16406 |
||